000 00526nam a2200181Ia 4500
008 090124s9999 xx 000 0 und d
082 _b27345
_a1636
100 _aप्रभावळकर दिलीप
245 _a कागदी बाण
250 _a1
260 _c1994
300 _a61
600 _aप्रभावळकर दिलीप
630 _a कागदी बाण
700 _aप्रभावळकर दिलीप
730 _a कागदी बाण
942 _cBOOK
999 _c140810
_d140810